The valley of the lost / (Record no. 59232)
[ view plain ]
| 000 -LEADER | |
|---|---|
| fixed length control field | 00815nam a22002177a 4500 |
| 005 - DATE AND TIME OF LATEST TRANSACTION | |
| control field | 20111209164617.0 |
| 010 ## - LCCN (DPL NO) | |
| LC control number | B-444573 |
| 020 ## - INTERNATIONAL STANDARD BOOK NUMBER | |
| International Standard Book Number | 9781865044156 |
| Terms of availability | 195.00 |
| 035 ## - SYSTEM CONTROL NUMBER | |
| System control number | B-444573 |
| 037 ## - SOURCE OF ACQUISITION | |
| Source of stock number/acquisition | Blueberry /Ven |
| 082 ## - DEWEY DECIMAL CLASSIFICATION NUMBER | |
| Classification number | S |
| 100 ## - MAIN ENTRY--PERSONAL NAME | |
| Personal name | Rodda, Emily |
| 245 ## - TITLE STATEMENT | |
| Title | The valley of the lost / |
| Statement of responsibility, etc | by Emily Rodda |
| 260 ## - PUBLICATION, DISTRIBUTION, ETC. (IMPRINT) | |
| Place of publication, distribution, etc | Lindfield NSW |
| Name of publisher, distributor, etc | Scholastic Press |
| Date of publication, distribution, etc | 2007(repr.). |
| 270 ## - ADDRESS | |
| Address | 345 Pacific Highway |
| City | Lindfield NSW |
| Postal code | 2070 |
| 300 ## - PHYSICAL DESCRIPTION | |
| Extent | 120p. |
| Dimensions | 20cm(pbk) |
| 490 ## - SERIES STATEMENT | |
| Series statement | Deltora quest;7 |
| -- | 38980 |
| 942 ## - ADDED ENTRY ELEMENTS (KOHA) | |
| Source of classification or shelving scheme | Dewey Decimal Classification |
| Item type | Children Books |
| Call number suffix | ROD |
| Classification part | S |
| Withdrawn status | Lost status | Not for loan | Collection code | Home library | Current library | Date acquired | Source of acquisition | Cost, normal purchase price | Full call number | Barcode | Copy number | Cost, replacement price | Koha item type |
|---|---|---|---|---|---|---|---|---|---|---|---|---|---|
| Fiction | Sarojini Nagar | Sarojini Nagar | 12/01/2012 | Blue Berry/7042/29.9.2011/83/21.3.2011/12.10.2011 | 195.00 | S ROD | B-444573 | 1 | 195.00 | Children Books |
